000 00457nam a22001817a 4500
003 CEME
005 20210628202022.0
008 210223b xxu||||| |||| 00| 0 eng d
020 _a81-203-1222-8
040 _c.
082 _a658.4034 TAH
100 _aTaha, Hamdy A
_98609
245 _aOperation research, an introduction
260 _aNEW DELHI
_bPRENTICE HALL
_c2000
300 _aXX,911P
650 _aOPERATION RESEARCH
_91219
942 _cBK
_2ddc
999 _c568158
_d568158